000
00256nam a2200109Ia 4500
008
200302s9999 xx 000 0 und d
100
_a
Sub hash
245
_a
Traffic Planning and Design
260
_b
Dhanpat Rai & Sons
260
_c
1990
300
_a
427 P.,
999
_c
1229
_d
1229